Statistics for NBA 2021 Top 10 at Each Position

Click here to take the quiz!

General Stats

  • This quiz has been taken 274 times
  • The average score is 47 of 50

Answer Stats

TeamPlayer% Correct
Trail BlazersDamian Lillard
100%
NetsJames Harden
100%
NetsKyrie Irving
100%
LakersLeBron James
100%
MavericksLuka Doncic
100%
WarriorsStephen Curry
100%
LakersAnthony Davis
99%
SunsDevin Booker
99%
BucksGiannis Antetokounmpo
99%
HeatJimmy Butler
99%
ClippersKawhi Leonard
99%
HawksTrae Young
99%
WizardsBradley Beal
98%
SunsChris Paul
98%
CelticsJayson Tatum
98%
NetsKevin Durant
98%
ClippersPaul George
98%
BullsZach Lavine
98%
PelicansZion Williamson
98%
76ersBen Simmons
97%
NuggetsJamal Murray
97%
76ersJoel Embiid
97%
WizardsRussell Westbrook
97%
JazzDonovan Mitchell
96%
CelticsJaylen Brown
96%
BucksKhris Middleton
96%
NuggetsNikola Jokic
96%
Trail BlazersCJ McCollum
95%
KingsDeAaron Fox
95%
RaptorsPascal Siakam
95%
JazzRudy Gobert
95%
HeatBam Adebayo
94%
PelicansBrandon Ingram
93%
PacersDomantas Sabonis
93%
WarriorsAndrew Wiggins
92%
SpursDeMar DeRozan
92%
KnicksJulius Randle
92%
TimberwolvesKarl-Anthony Towns
92%
ThunderShai Gilgeous-Alexander
92%
MavericksKristaps Porzingis
91%
76ersTobias Harris
89%
HornetsGordon Hayward
88%
BullsNikola Vucevic
86%
PacersMyles Turner
82%
HeatVictor Oladipo
77%
LakersAndre Drummond
75%
JazzBojan Bogdanovic
75%
RocketsChristian Wood
75%
PistonsJerami Grant
75%
PacersTJ Warren
67%

Score Distribution

Percentile by Number Answered

Percent of People with Each Score

Your Score History

You have not taken this quiz